000 00892nam a2200181Ia 4500
008 100921s9999 xx 000 0 und d
082 _b26473
_a915.4 थ 93
100 _aगावंडे सुरेखा.
245 _aसह्याद्रीची लेक हिमालयाच्या कुशीत.
260 _bसमता सहकारी प्रकाशन, मुंबई.
_c1993
300 _a71
_bरसिक साहित्य,पुणे
365 _b45
520 _aप्रवास,स्थल,वर्णन-भारत.
630 _aसह्याद्रीची लेक हिमालयाच्या कुशीत.
650 _aप्रवास,स्थल,वर्णन-भारत.
730 _aसह्याद्रीची लेक हिमालयाच्या कुशीत.
942 _cBOOK
999 _c775586
_d775583